[Event "ICS rated bullet match"]
[Site "207.99.5.190"]
[Date "1999.03.12"]
[Round "?"]
[White "rajah"]
[Black "Hossa"]
[Result "0-1"]
[WhiteElo "2321"]
[BlackElo "2367"]
[PlyCount "144"]

1. d4 Nf6 2. c4 g6 3. Nc3 Bg7 4. e4 d6 5. f4 O-O 6. Nf3 Bg4 7. Be3 Nc6 8. d5
Nb4 9. Qb3 Bxf3 10. gxf3 c5 11. a3 Na6 12. Qxb7 Nc7 13. e5 Nd7 14. Ne4 dxe5 15.
fxe5 Nxe5 16. Be2 a6 17. Bxc5 Rb8 18. Qa7 Rxb2 19. d6 exd6 20. Bxd6 Nc6 21.
Qxc7 Qxc7 22. Bxc7 Rb7 23. Bd6 Bxa1 24. Bxf8 Rb1+ 25. Bd1 Kxf8 26. c5 Be5 27.
h4 Rb2 28. h5 gxh5 29. Rxh5 Kg7 30. Be2 Nd4 31. Bxa6 Nxf3+ 32. Kd1 Kg6 33. Rh3
f5 34. Bd3 Nd4 35. Nd2 Bf4 36. Nf3 Nxf3 37. Rxf3 Kg5 38. Bc2 h6 39. c6 Rb5 40.
Rd3 Kg4 41. Rd7 Rc5 42. Rg7+ Kf3 43. Rg6 Kf2 44. Rf6 Rd5+ 45. Bd3 Rxd3+ 46. Kc2
Rxa3 47. Rxf5 Kg3 48. Rf7 Be5 49. Re7 Rc3+ 50. Kd2 Rc5 51. Kd3 h5 52. Re6 Kg2
53. Rg6+ Bg3 54. Kd4 Rc1 55. Rf6 Rd1+ 56. Kc3 Be5+ 57. Kc2 Re1 58. Re6 Kf2 59.
c7 Bxc7 60. Rxe1 Kxe1 61. Kd3 Kf2 62. Ke4 h4 63. Kd4 h3 64. Kc5 Ke3 65. Kd5 Bf4
66. Kc6 h2 67. Kd7 h1=Q 68. Ke6 Qe4+ 69. Kf7 Bg5 70. Kg7 Qb7+ 71. Kg6 Kf4 72.
Kh5 72... Qf7# {rajah checkmated} 0-1

[Event "ICS rated bullet match"]
[Site "207.99.5.190"]
[Date "1999.03.12"]
[Round "?"]
[White "Hossa"]
[Black "rajah"]
[Result "0-1"]
[WhiteElo "2381"]
[BlackElo "2307"]
[Annotator "Crafty v16.5"]
[PlyCount "158"]

{annotating for player Hossa using a scoring margin of +0.10 pawns. search
time limit is 10.00} 1. e4 1... e6 2. d4 d5 3. Nc3 Bb4 4. exd5 exd5 5. Bd3 Nc6
6. Nge2 Nge7 7. O-O Bf5 8. Bxf5 Nxf5 9. Qd3 Bxc3 10. bxc3 ({8:+0.02} 10. bxc3
10... Nfe7 11. Rb1 Rb8 12. Re1 O-O 13. Bf4 13... Re8 $10) ({8:+0.24} 10. Nxc3
10... Qd7 11. Re1+ Nfe7 12. Bf4 O-O 13. Nb5 Nb4 14. Qe2 $10) 10... Qf6 11. Rb1
({9:+0.62} 11. Rb1 11... Rb8 12. Rb5 Nce7 13. Bf4 Nd6 14. Rc5 Rc8 15. Re1 $14)
({9:+0.84} 11. Qb5 11... Nd6 12. Qxd5 Qf5 13. Qxf5 Nxf5 14. Ng3 Nfe7 15. Bf4
15... O-O-O $16) 11... O-O-O 12. Qb5 b6 13. Nf4 Nce7 14. Re1 g5 15. Qa6+ Kb8
16. Nd3 g4 17. Nc5 ({8:+0.69} 17. Nc5 17... Qc6 18. Bf4 Ka8 19. Na4 Ng6 20. Be5
Nxe5 21. Rxe5 $14) ({8:+1.34} 17. Bf4 17... Qc6 18. Ne5 Qxc3 19. Nxf7 Qxd4 20.
Nxd8 20... Qxf4 $16) 17... Qc6 18. Bg5 Rhe8 19. Bxe7 ({8:+0.33} 19. Bxe7 19...
Nxe7 20. Re5 Ng6 21. Rf5 Re7 22. Rg5 Ne5 23. Rg7 $14) ({8:+0.46} 19. Re5 19...
h6 20. Bf4 Nh4 21. Re2 Nef5 22. Rbe1 Rxe2 23. Rxe2 $14) 19... Nxe7 20. Re2 Nf5
21. Rbe1 ({7:+0.01} 21. Rbe1 21... Nd6 22. Re7 Ne4 23. Rxe8 Rxe8 24. Na4 24...
Qc4 $10) ({7:+0.18} 21. Qd3 21... Nd6 22. Rb3 Rxe2 23. Qxe2 Re8 24. Na6+ Kb7
25. Qd3 $10) 21... Nd6 22. Re5 ({8:-0.98} 22. Re5 22... Rxe5 23. Rxe5 Re8 24.
Rxe8+ Qxe8 25. Nd3 Qe2 26. h3 Qxc2 27. hxg4 27... Qxc3 $17) ({8:-0.23} 22. Re7
22... Ne4 23. Rxe8 Rxe8 24. Nxe4 f5 25. h3 Rxe4 26. Rxe4 fxe4 27. hxg4 27...
Qxc3 $10) 22... Ne4 23. Rxe8 Rxe8 24. Nxe4 Rxe4 25. Rxe4 dxe4 26. Qa3 Qh6 27.
Qb2 Qd2 28. g3 f5 29. Qb5 e3 30. Qe8+ Kb7 31. Qxe3 Qd1+ 32. Kg2 Qxc2 33. a3 Qb3
34. Qc1 Ka8 35. h3 c5 36. hxg4 fxg4 37. Kh2 a5 38. Qf4 Qxc3 39. Qxg4 cxd4 40.
Qg8+ Ka7 41. Qxh7+ Ka6 42. a4 Qd2 43. Kg2 d3 44. Qe4 Ka7 45. Qe7+ Ka8 46. Qc7
Qh6 47. Qd8+ Ka7 48. Qd7+ Kb8 49. Qe8+ Kc7 50. Qf7+ Kb8 51. Qg8+ Ka7 52. Qd5
Qh7 53. Qd4 Qb7+ 54. Kh3 Qh1+ 55. Kg4 Qd1+ 56. Kf4 Qc1+ 57. Ke4 d2 58. Qd7+ Ka8
59. Qd5+ Kb8 60. Qd6+ Kc8 61. Qe6+ Kc7 62. Qf7+ Kb8 63. Qe8+ Qc8 64. Qe5+ Ka7
65. Qh5 Qc2+ 66. Ke3 d1=Q 67. Qxd1 Qxd1 68. f4 Qb3+ 69. Ke4 Qxg3 70. Kf5 Qb3
71. Kf6 Qxa4 72. f5 b5 73. Kg5 b4 74. Kh6 Qc6+ 75. Kg7 b3 76. Kf7 b2 77. Ke7
b1=Q 78. f6 Qbb7+ 79. Kf8 Qcc8# 0-1

[Event "ICS Rated bullet match"]
[Site "207.99.5.190"]
[Date "1999.03.12"]
[Round "?"]
[White "rajah"]
[Black "Hossa"]
[Result "1-0"]
[WhiteElo "2326"]
[BlackElo "2362"]
[Annotator "Crafty v16.5"]
[PlyCount "90"]

{annotating for player Hossa using a scoring margin of +0.10 pawns. search
time limit is 10.00} 1. c4 1... e5 2. Nc3 Nf6 3. Nf3 Nc6 4. e4 Bc5 5. Be2 Bd4 (
{8:-0.77} 5... Bd4 6. d3 Rf8 7. O-O d6 8. Nb5 Be6 9. Nfxd4 Nxd4 10. Nxd4 10...
exd4 $16) ({8:-0.63} 5... d6 6. d3 Be6 7. O-O Rf8 8. Bg5 Nd4 9. Nxd4 9... Bxd4
$14) 6. d3 Bxc3+ ({8:-0.94} 6... Bxc3+ 7. bxc3 d6 8. Rb1 Na5 9. O-O Bg4 10. Bg5
Rf8 11. Qa4+ 11... c6 $16) ({8:-0.83} 6... a6 7. Nxd4 Nxd4 8. O-O b5 9. f4 d6
10. fxe5 dxe5 11. b3 bxc4 12. dxc4 $16) 7. bxc3 O-O ({9:-1.01} 7... O-O 8. O-O
b6 9. Ba3 d6 10. Ng5 Bd7 11. Qd2 11... a6 $16) ({9:-0.90} 7... a6 8. Rb1 Rb8 9.
Qd2 Qe7 10. O-O b5 11. cxb5 axb5 12. Bb2 $16) 8. O-O d6 9. Rb1 Qe7 10. Qd2 Nh5
({9:-1.18} 10... Nh5 11. Nxe5 Nxe5 12. Bxh5 f5 13. f4 Nc6 14. exf5 Rxf5 15. Re1
$16) ({9:-0.40} 10... Nd7 11. Ne1 f5 12. f3 fxe4 13. fxe4 Rxf1+ 14. Kxf1 Nb6
15. Kg1 Be6 16. Bb2 $14) 11. Nxe5 Nxe5 12. Bxh5 Qh4 ({9:-1.42} 12... Qh4 13.
Be2 f5 14. f3 fxe4 15. fxe4 Rxf1+ 16. Bxf1 Rb8 17. Be2 Bg4 18. Qf4 $16) ({
9:-1.30} 12... f5 13. f4 Nd7 14. exf5 Rxf5 15. Bg4 Rf6 16. Re1 Qf7 17. Qe3 $16)
13. Be2 f5 14. f4 Ng4 15. h3 Nh6 16. e5 Re8 17. exd6 cxd6 18. Bf3 Re7 ({9:-1.45
} 18... Re7 19. Ba3 Qf6 20. c5 Rc7 21. Bd5+ Nf7 22. d4 dxc5 23. Bxc5 23... Rb8
$16) ({9:-1.16} 18... Qe7 19. Bd5+ Nf7 20. Ba3 Qc7 21. Rfe1 Rxe1+ 22. Rxe1 Bd7
23. Re7 Rf8 24. Qe3 $16) 19. Bd5+ Kh8 20. Ba3 Qf6 21. Rfe1 Ng8 22. c5 dxc5 23.
Bxc5 Rxe1+ 24. Qxe1 Qd8 25. Bxb7 Bxb7 26. Rxb7 Qc8 27. Rb5 a6 28. Ra5 Qd8 29.
Ra4 Qxd3 30. Bd4 Rb8 31. Qe5 Rb7 32. Ra5 Re7 33. Qxf5 Qd1+ 34. Kh2 Qf1 35. Re5
Rb7 36. Qf8 h6 37. Re6 Kh7 38. Be5 Qc4 39. f5 Qb5 40. c4 Qxc4 41. Rg6 Qf7 42.
Rxg7+ Qxg7 43. Bxg7 Rxg7 44. f6 Ra7 45. f7 Nf6 1-0

[Event "ICS Rated blitz match"]
[Site "207.99.5.190"]
[Date "1999.03.12"]
[Round "?"]
[White "JudgeTurpin"]
[Black "Hossa"]
[Result "1-0"]
[WhiteElo "2432"]
[BlackElo "2384"]
[Annotator "Crafty v16.5"]
[PlyCount "133"]

{annotating for player Hossa using a scoring margin of +0.10 pawns. search
time limit is 10.00} 1. Nf3 1... Nc6 2. d4 d5 3. c4 e6 4. cxd5 exd5 5. e3 Bb4+
6. Bd2 Bxd2+ 7. Nbxd2 Nge7 8. Be2 Bg4 ({9:-0.35} 8... Bg4 9. O-O Qd7 10. Nh4
Be6 11. Qc2 O-O-O 12. Rac1 12... Nf5 $14) ({9:-0.04} 8... Qd6 9. O-O O-O 10.
Nb3 Re8 11. Bd3 Bf5 12. Bxf5 Nxf5 13. Qd3 $10) 9. O-O O-O ({8:-1.02} 9... O-O
10. Ne1 Bxe2 11. Qxe2 Re8 12. Qb5 b6 13. f4 13... a5 $16) ({8:-0.28} 9... Qd7
10. Nh4 Bxe2 11. Qxe2 Qe6 12. Qb5 O-O-O 13. Rac1 13... Rhe8 $10) 10. Rc1 Re8
11. Re1 Qd6 12. Nb3 Qg6 ({7:-0.18} 12... Qg6 13. Nh4 Bxe2 14. Qxe2 Qg5 15. Nf3
Qf5 16. Nc5 $10) ({7:-0.07} 12... Ng6 13. Qc2 Rac8 14. Nc5 Nb4 15. Qd2 Nxa2 16.
Nxb7 $10) 13. Nc5 Bh3 ({8:-0.32} 13... Bh3 14. Nh4 Qf6 15. g3 b6 16. Na6 g5 17.
Bg4 $14) ({8:-0.17} 13... b6 14. Nd3 Bxf3 15. Bxf3 Qd6 16. Qc2 a6 17. Nf4 17...
f5 $10) 14. Bf1 Rab8 15. a3 Kh8 ({8:-0.46} 15... Kh8 16. b4 a6 17. Nd2 Bg4 18.
f3 Bh5 19. Bd3 $14) ({8:-0.16} 15... Bg4 16. b4 Nf5 17. Bd3 Bh3 18. Nh4 Qg5 19.
Qf3 Nxh4 20. Qxh3 $10) 16. b4 a6 ({8:-0.72} 16... a6 17. Nd2 Bg4 18. Qb3 a5 19.
Bd3 Qd6 20. f4 axb4 21. axb4 $16) ({8:-0.40} 16... Bg4 17. b5 Na5 18. Be2 Bh3
19. Nh4 Qg5 20. Qd2 Qxh4 21. Qxa5 $14) 17. Qc2 Bf5 ({9:-0.59} 17... Bf5 18. Qc3
Qf6 19. Nd2 Kg8 20. f4 g5 21. Nf3 gxf4 22. exf4 $14) ({9:-0.40} 17... Qxc2 18.
Rxc2 Bf5 19. Rc3 Na7 20. Ng5 Nec6 21. Be2 f6 22. Nf7+ Kg8 23. Bh5 $14) 18. Qc3
Qg4 ({8:-1.00} 18... Qg4 19. Be2 Be4 20. Nxe4 Qxe4 21. Ng5 Qf5 22. f4 22... Kg8
$16) ({8:-0.63} 18... Qf6 19. Nd2 Kg8 20. Ndb3 g5 21. Bd3 Bxd3 22. Qxd3 22...
Nf5 $14) 19. Be2 Be4 20. Nxe4 Qxe4 21. Bd3 Qg4 22. h3 Qh5 23. a4 Rbc8 24. b5
axb5 25. axb5 Nb8 ({9:-1.41} 25... Nb8 26. Qa5 c6 27. Qa7 Nf5 28. Qxb7 Nd6 29.
Qb6 29... Nd7 $16) ({9:-0.66} 25... Nd8 26. Ne5 Ne6 27. f4 c5 28. bxc6 Nxc6 29.
Nxc6 Rxc6 30. Qd2 30... Qh4 $14) 26. Qa5 c6 27. Qb6 Nf5 28. g4 Qxh3 29. Bxf5
Qxf3 30. Qxb7 Rcd8 31. bxc6 g6 32. Qxf7 gxf5 33. Qf6+ Kg8 34. Qg5+ Kh8 35. c7
Rc8 36. cxb8=Q Rxb8 37. Qxf5 Qxf5 38. gxf5 Rf8 39. Rc7 Rxf5 40. f4 Rg8+ 41. Kf2
Rg7 42. Rec1 Rgf7 43. Rxf7 Rxf7 44. Kf3 Kg7 45. Rc5 Rd7 46. Rc6 Rb7 47. Rd6 Rb5
48. f5 h5 49. Kf4 h4 50. Rg6+ Kf7 51. Rh6 Kg7 52. Rxh4 Rb3 53. Rg4+ Kf8 54. Rg6
Ke7 55. Rg3 Kd7 56. Ke5 Kc6 57. Rg6+ Kc7 58. f6 Rxe3+ 59. Kxd5 Kd7 60. Rg7+ Kd8
61. Rg8+ Kc7 62. f7 Kb6 63. Rb8+ Ka7 64. f8=Q Re7 65. Ra8+ Kb6 66. Qxe7 Kb5 67.
Qc5# 1-0

[Event "ICS Rated blitz match"]
[Site "207.99.5.190"]
[Date "1999.03.12"]
[Round "?"]
[White "Hossa"]
[Black "MarvinMartian"]
[Result "0-1"]
[WhiteElo "2370"]
[BlackElo "2432"]
[Annotator "Crafty v16.5"]
[PlyCount "45"]

{annotating for player Hossa using a scoring margin of +0.10 pawns. search
time limit is 10.00} 1. e4 1... c5 2. Bc4 a6 3. Nc3 b5 4. Bxf7+ Kxf7 5. Qh5+ g6
6. Qd5+ e6 7. Qxa8 Nc6 8. Nd1 ({9:-1.55} 8. Nd1 8... Qc7 9. d4 Bb7 10. Bf4 Qb6
11. dxc5 Bxc5 12. Bc7 12... Qxc7 $19) ({9:+2.50} 8. Nf3 8... Nb4 9. Ne5+ Kg7
10. O-O Nxc2 11. Rb1 Nf6 12. f4 12... Bd6 $18) 8... Qc7 9. d4 Bb7 10. Bf4 Qb6
11. dxc5 ({8:-3.32} 11. dxc5 11... Bxc5 12. Qxb7 Qxb7 13. Nf3 Nb4 14. Ng5+ Ke7
15. O-O 15... Nxc2 $19) ({8:-2.68} 11. Qxf8+ 11... Kxf8 12. Bd6+ Kf7 13. Bxc5
Qa5+ 14. c3 d6 15. Bxd6 Nxd4 16. Kf1 16... Qd8 $19) 11... Bxc5 12. Qb8 ({
9:-5.46} 12. Qb8 12... Nxb8 13. Bxb8 Bxe4 14. Be5 Bxg2 15. Bxh8 Bxh1 16. Ne2
$19) ({9:-3.23} 12. Qxb7 12... Qxb7 13. Nf3 Nf6 14. Ng5+ Kg7 15. Nc3 b4 16. Na4
16... Bd4 $19) 12... Nxb8 13. Bxb8 Bxe4 14. Be5 Bxg2 15. Nh3 ({8:-8.04} 15. Nh3
15... Nf6 16. Ng5+ Ke7 17. Rf1 Bxf1 18. Kxf1 Qc6 19. Ke2 $19) ({8:-5.83} 15.
Bxh8 15... Bxh1 16. Nh3 Ke7 17. Ng5 h6 18. Nh3 18... Bf3 $19) 15... Bxh1 16.
Ng5+ ({8:-6.54} 16. Ng5+ 16... Ke8 17. Bxh8 Qd8 18. f4 h6 19. Nh3 Qh4+ 20. Ndf2
Bxf2+ 21. Nxf2 21... Qxh2 $19) ({8:-5.98} 16. Bxh8 16... Qd8 17. Nf4 Qh4 18.
Nd3 Bd6 19. Bc3 19... Qxh2 $19) 16... Ke7 17. Bxh8 Bd4 18. Bxd4 Qxd4 19. Ne3 ({
8:-8.71} 19. Ne3 19... Qxb2 20. Rd1 h6 21. Ke2 Bc6 22. Nh3 22... Qxa2 $19) ({
8:-7.65} 19. Nxh7 19... Qe5+ 20. Ne3 Qxb2 21. Rd1 Bf3 22. Rd3 Qxa2 23. Ng5 $19)
19... Qxb2 20. Rd1 Nf6 21. Kf1 ({9:-9.05} 21. Kf1 21... Nd5 22. h4 Nxe3+ 23.
fxe3 Qxc2 24. Ke1 h6 25. Nh3 Qxa2 26. Nf4 $19) ({9:-8.10} 21. Ke2 21... Bc6 22.
f4 Qxa2 23. h4 Qa4 24. Rf1 Qd4 25. Rf2 $19) 21... Bc6 22. a3 h6 23. Nh3 0-1

[Event "ICS rated bullet match"]
[Site "207.99.5.190"]
[Date "1999.03.12"]
[Round "?"]
[White "Hossa"]
[Black "rajah"]
[Result "0-1"]
[WhiteElo "2344"]
[BlackElo "2344"]
[Annotator "Crafty v16.5"]
[PlyCount "82"]

{annotating for player Hossa using a scoring margin of +0.10 pawns. search
time limit is 10.00} 1. e4 1... c6 2. Nc3 d5 3. exd5 cxd5 4. Nf3 ({8:+0.37} 4.
Nf3 4... a6 5. Be2 e6 6. d3 f5 7. Rf1 7... Nf6 $14) ({8:+0.51} 4. Bb5+ 4... Bd7
5. Nf3 Bxb5 6. Nxb5 Qb6 7. Qe2 a6 8. Nbd4 8... Nf6 $14) 4... Nf6 5. Bb5+ Bd7 6.
O-O e6 7. Re1 ({7:+0.12} 7. Re1 7... Bb4 8. Qe2 O-O 9. Ne5 Nc6 10. Nxc6 $10) ({
7:+0.26} 7. Qe2 7... Bb4 8. a3 Bxc3 9. dxc3 O-O 10. Bf4 10... Nc6 $10) 7... Bb4
8. Be2 ({8:-0.05} 8. Be2 8... O-O 9. a3 Be7 10. d3 Nc6 11. Be3 11... Qc7 $10) (
{8:+0.06} 8. Qe2 8... O-O 9. Ne5 a6 10. Bd3 Nc6 11. Nxd7 Qxd7 12. Qe3 $10) 8...
O-O 9. a3 Bxc3 10. dxc3 Nc6 11. Bg5 h6 12. Bh4 g5 13. Nxg5 ({8:-1.41} 13. Nxg5
13... hxg5 14. Bxg5 Rc8 15. Qd3 Qe7 16. Bg4 16... Rfd8 $17) ({8:+0.45} 13. Bg3
13... Qb6 14. b4 Ne4 15. c4 Nxg3 16. hxg3 d4 17. Qd3 $14) 13... hxg5 14. Bxg5
Rc8 15. Qc1 Re8 16. Qf4 Kg7 17. Bh4 ({8:-0.54} 17. Bh4 17... Rh8 18. Qg5+ Kf8
19. Qf4 e5 20. Qxf6 Rxh4 21. Qd6+ Qe7 22. Qxd5 $15) ({8:+0.00} 17. Bh6+ 17...
Kh8 18. Bg5 18... Kg7 $10) 17... Rh8 18. Rad1 ({7:-1.06} 18. Rad1 18... Rh6 19.
Bd3 Rh5 20. g4 Rh8 21. Qg5+ Kf8 22. f4 $17) ({8:-0.54} 18. Qg5+ 18... Kf8 19.
Bb5 Ke8 20. Bxc6 Bxc6 21. g3 Rxh4 22. Qxh4 22... Kd7 $15) 18... Rh6 19. Bg5 ({
7:-1.06} 19. Bg5 19... Rg6 20. Bd3 e5 21. Rxe5 Nxe5 22. Qxe5 $17) ({7:+0.58} 
19. Bd3 19... Qe7 20. Qg5+ Rg6 21. Bxg6 fxg6 22. f4 Qc5+ 23. Bf2 $14) 19... Rg6
20. Bd3 e5 21. Qh4 ({8:-0.87} 21. Qh4 21... e4 22. Be2 Qa5 23. Bxf6+ Rxf6 24.
Qg5+ Rg6 25. Qxd5 Qxd5 26. Rxd5 26... Bh3 $17) ({8:-0.31} 21. Rxe5 21... Nxe5
22. Qxe5 Rc5 23. Bxg6 fxg6 24. Bh6+ Kh7 25. Bf4 $15) 21... e4 22. Be2 Ne7 23.
Bh5 Nf5 24. Bxf6+ Qxf6 25. Qh3 ({9:-2.30} 25. Qh3 25... Rh8 26. Rxd5 Rg5 27.
Rxd7 Rhxh5 28. Qxh5 Rxh5 29. Rxe4 $19) ({9:-0.67} 25. Qxf6+ 25... Rxf6 26. Rxd5
Bc6 27. Ra5 Ra8 28. h3 Nh4 29. g3 b6 30. Rg5+ 30... Ng6 $15) 25... Rg5 26. Rxd5
Rh8 27. Rxd7 Rhxh5 28. Qxh5 Rxh5 29. Rxb7 Qg6 30. Kh1 e3 31. Rxe3 Nxe3 32. fxe3
Qa6 33. Rxf7+ Kxf7 34. h3 Qb7 35. e4 Qxb2 36. a4 Qxc3 37. e5 Rxe5 38. Kh2 Re1
39. h4 Qe5+ 40. g3 Qe2+ 41. Kh3 Rh1# 0-1

[Event "ICS Rated blitz match"]
[Site "207.99.5.190"]
[Date "1999.03.12"]
[Round "?"]
[White "LaDame"]
[Black "Hossa"]
[Result "0-1"]
[WhiteElo "2492"]
[BlackElo "2345"]
[PlyCount "170"]

1. e4 c5 2. Nf3 Nc6 3. d4 cxd4 4. Nxd4 Qa5+ 5. Nc3 Nf6 6. Nxc6 dxc6 7. Bd3 Bg4
8. f3 Bd7 9. O-O e5 10. Kh1 Bb4 11. Bd2 O-O-O 12. a3 Bxc3 13. Bxc3 Qc7 14. Qd2
Ne8 15. f4 exf4 16. Rxf4 Be6 17. Raf1 Qd6 18. Ba5 Rd7 19. Bb4 Qe5 20. Bc3 Qg5
21. Qf2 b6 22. b4 Nc7 23. a4 Ne8 24. a5 b5 25. Bd4 Kb8 26. a6 Ka8 27. c3 Nc7
28. Ra1 Rhd8 29. Be2 Ne8 30. Rh4 h6 31. Rf4 Nd6 32. Rf1 Nc4 33. Bd1 Ne5 34. h4
Qg6 35. Be2 f6 36. h5 Qg5 37. Be3 Nc4 38. Bc1 Nd2 39. Re1 Qe5 40. Qe3 Rd6 41.
Rh4 Bc8 42. Rf4 Nb3 43. Qf3 Nxc1 44. Rxc1 Rd2 45. g3 Qe6 46. Rh4 Qa2 47. Rh2
Bxa6 48. Rf1 Bc8 49. Re1 Rc2 50. Rg1 Qb2 51. Rhg2 Rxc3 52. Qf4 Qxb4 53. Rf2 Qd6
54. Qxd6 Rxd6 55. Bd1 Rc1 56. Bf3 Rxg1+ 57. Kxg1 a5 58. Re2 Bb7 59. e5 fxe5 60.
Rxe5 Ka7 61. Be2 Kb6 62. Re7 g5 63. hxg6 Rxg6 64. Kf2 a4 65. Re3 Rf6+ 66. Ke1
Kc5 67. Kd2 Rf2 68. Re6 a3 69. Rxh6 Ba6 70. Ke3 Rxe2+ 71. Kxe2 a2 72. Rh1 b4+
73. Kf2 b3 74. Ra1 Bc4 75. g4 b2 76. Rxa2 Bxa2 77. Kf3 b1=Q 78. Ke3 Be6 79. g5
Qc1+ 80. Kf3 Qxg5 81. Ke4 Bf5+ 82. Kf3 Kd4 83. Ke2 Qg2+ 84. Ke1 Ke3 85. Kd1
85... Qd2# {LaDame checkmated} 0-1

[Event "ICS rated blitz match"]
[Site "207.99.5.190"]
[Date "1999.03.12"]
[Round "?"]
[White "Hossa"]
[Black "LaDame"]
[Result "1-0"]
[WhiteElo "2367"]
[BlackElo "2470"]
[PlyCount "143"]

1. e4 c5 2. Bc4 Nf6 3. d3 Nc6 4. Nf3 Na5 5. e5 Nxc4 6. dxc4 Ng4 7. O-O Qc7 8.
Qd5 Qc6 9. Qxc6 bxc6 10. h3 Nh6 11. Bxh6 gxh6 12. Nbd2 Rg8 13. Ne4 d6 14. exd6
Bxh3 15. Ng3 Be6 16. dxe7 Bxe7 17. Ne5 Rc8 18. Rfe1 Kf8 19. Rad1 Rc7 20. b3 Kg7
21. Nh5+ Kh8 22. Nf4 Rg7 23. Nxe6 fxe6 24. Nd3 h5 25. Nf4 Bh4 26. Nxe6 Rcf7 27.
Re2 Rg6 28. Nxc5 Rf8 29. Ne4 a6 30. Kh2 h6 31. Rd7 a5 32. Kh3 Bg5 33. a3 Bc1
34. Ra7 Bxa3 35. Rxa5 Be7 36. Rxh5 Kg8 37. Nc5 Bd6 38. Nd7 Rf7 39. Ne5 Bxe5 40.
Rhxe5 Rf4 41. Re6 Rff6 42. Rxf6 Rxf6 43. g3 Kf7 44. b4 Rf5 45. Rd2 Ke6 46. c5
Rh5+ 47. Kg2 Rd5 48. Rxd5 Kxd5 49. Kh3 Kc4 50. c3 h5 51. Kh4 Kxc3 52. b5 cxb5
53. Kxh5 b4 54. c6 b3 55. c7 b2 56. c8=Q+ Kd2 57. Qb7 Kc2 58. f4 b1=Q 59. Qxb1+
Kxb1 60. Kg6 Kc2 61. Kf5 Kd3 62. Ke5 Kc4 63. f5 Kc5 64. f6 Kc4 65. f7 Kc3 66.
f8=Q Kd2 67. Qf2+ Kc3 68. Kd5 Kb3 69. Kd4 Ka4 70. Qb2 Ka5 71. Kc5 Ka6 72. Qb6#
{LaDame checkmated} 1-0

[Event "ICS Rated blitz match"]
[Site "207.99.5.190"]
[Date "1999.03.12"]
[Round "?"]
[White "LaDame"]
[Black "Hossa"]
[Result "1-0"]
[WhiteElo "2449"]
[BlackElo "2388"]
[Annotator "Crafty v16.5"]
[PlyCount "119"]

{annotating for player Hossa using a scoring margin of +0.10 pawns. search
time limit is 10.00} 1. e4 1... e5 2. Nf3 Nc6 3. Bb5 a6 4. Ba4 b5 5. Bb3 Be7 6.
O-O Nf6 7. Re1 O-O 8. c3 Bb7 9. d4 exd4 10. cxd4 Na5 11. Bc2 Rc8 12. e5 Nd5 13.
Kh1 Nb4 ({7:+0.05} 13... Nb4 14. Bf5 Nc4 15. b3 Nb6 16. Nc3 16... N4d5 $10) ({
7:+0.22} 13... f5 14. Kg1 c5 15. dxc5 Bxc5 16. Bg5 Qc7 17. Nbd2 $10) 14. Bf5 c5
15. Nbd2 Bd5 16. a3 Na2 17. Be4 Nxc1 18. Rxc1 Be6 ({9:-0.46} 18... Be6 19. dxc5
Bxc5 20. b4 Bxf2 21. Rxc8 Qxc8 22. bxa5 f5 23. Bd3 Bxe1 24. Qxe1 $14) ({9:-0.07
} 18... Bxe4 19. Nxe4 c4 20. d5 f5 21. d6 fxe4 22. Qd5+ Rf7 23. dxe7 Qxe7 24.
Rxe4 $10) 19. dxc5 Bxc5 ({9:-1.50} 19... Bxc5 20. b4 Bxf2 21. Re2 Rxc1 22. Qxc1
d5 23. Bd3 Bb6 24. bxa5 24... Bxa5 $16) ({9:-1.29} 19... Qc7 20. b4 Nc4 21.
Nxc4 Bxc4 22. Bd5 Bxd5 23. Qxd5 Rfe8 24. Kg1 24... a5 $16) 20. b4 Bxf2 21. Rxc8
Qxc8 22. Rf1 Be3 ({8:-2.05} 22... Be3 23. bxa5 Qc5 24. Qa1 f5 25. exf6 Rxf6 26.
Qb1 26... Bf7 $18) ({8:-1.72} 22... Bc5 23. bxa5 Bxa3 24. Ng5 h6 25. Qh5 d5 26.
Bh7+ Kh8 27. Bd3 $18) 23. bxa5 Qc5 24. Qc1 Bc4 25. Re1 Bxd2 26. Nxd2 Re8 27.
Nf3 Rc8 28. Ng5 h6 29. Nf3 Rc7 30. Rd1 Qa7 31. Qf4 Bb3 32. Qh4 Rc8 33. Rd6 Ba2
34. Qe1 Be6 35. Nd4 Ba2 36. Nf5 Rc5 37. Ne7+ Kf8 38. Nd5 Bxd5 39. Rxd5 Kg8 40.
Qe3 Rxd5 41. Qxa7 Rd1+ 42. Qg1 Rxg1+ 43. Kxg1 f6 44. exf6 g5 45. Bd5+ Kf8 46.
g4 Ke8 47. Kf2 Kf8 48. Ke3 Ke8 49. Ke4 d6 50. Bb7 Kf7 51. Kf5 b4 52. axb4 h5
53. Bd5+ Ke8 54. gxh5 Kd7 55. h6 g4 56. h7 g3 57. h8=Q Kc7 58. f7 Kd7 59. f8=Q
Kc7 60. Qf7# 1-0

[Event "ICS rated standard match"]
[Site "207.99.5.190"]
[Date "1999.03.12"]
[Round "?"]
[White "Hossa"]
[Black "charcarodon"]
[Result "1-0"]
[WhiteElo "2235"]
[BlackElo "2005"]
[PlyCount "59"]

1. e4 a6 2. Nf3 b5 3. Be2 Bb7 4. e5 e6 5. O-O Ne7 6. d4 Ng6 7. c4 bxc4 8. Bxc4
Be7 9. Qb3 Bxf3 10. Qxf3 Nc6 11. Be3 Bg5 12. Qe2 Nf4 13. Qd2 h6 14. Bxf4 Bxf4
15. Qxf4 g5 16. Qd2 g4 17. Nc3 h5 18. Ne4 Qh4 19. b3 O-O-O 20. Ng5 Rdf8 21. g3
Nxd4 22. Bxa6+ Kd8 23. gxh4 Nf5 24. Qb4 Nxh4 25. Nxf7+ Rxf7 26. Qb8+ Ke7 27.
Qxh8 Nf3+ 28. Kh1 h4 29. Rac1 Nd2 30. Rxc7 {charcarodon resigns} 1-0

[Event "ICS rated bullet match"]
[Site "207.99.5.190"]
[Date "1999.03.12"]
[Round "?"]
[White "TDChess"]
[Black "Hossa"]
[Result "1-0"]
[WhiteElo "2609"]
[BlackElo "2328"]
[Annotator "Crafty v16.5"]
[PlyCount "77"]

{annotating for player Hossa using a scoring margin of +0.10 pawns. search
time limit is 10.00} 1. Nf3 1... Nc6 2. e4 Nf6 3. e5 Ng4 4. d4 d6 5. Bb5 dxe5
6. h3 e4 7. hxg4 exf3 8. Bxc6+ bxc6 9. Qxf3 Qd7 10. O-O Rb8 ({8:-0.75} 10...
Rb8 11. Nc3 Rb4 12. Rd1 Rxd4 13. Rxd4 Qxd4 14. Qxc6+ Qd7 15. Qc5 $16) ({8:-0.39
} 10... e6 11. Bf4 Bd6 12. Nc3 Ba6 13. Rfe1 O-O 14. Qe4 $14) 11. Na3 Qxd4 ({
9:-0.51} 11... Qxd4 12. Qxc6+ Qd7 13. Qc5 Rb6 14. Nc4 Rc6 15. Qb5 Rg6 16. Qxd7+
Bxd7 17. Ne5 $14) ({9:-0.08} 11... Ba6 12. Rd1 e6 13. g5 Bd6 14. Rb1 O-O 15.
Bf4 15... Rfd8 $10) 12. Qxc6+ Qd7 13. Qc5 Rb7 ({8:-0.59} 13... Rb7 14. g5 Qd6
15. Qc3 Qb4 16. Qe5 Bg4 17. Re1 $14) ({8:-0.41} 13... Rb6 14. Qe5 Qc6 15. Be3
f6 16. Qh5+ g6 17. Qh4 Rxb2 18. Bxa7 $14) 14. Nc4 e6 15. Qe5 Rb4 16. b3 Ba6 17.
Be3 Bxc4 18. bxc4 Qc6 ({8:-0.37} 18... Qc6 19. Bxa7 Rxc4 20. Rfb1 f6 21. Qh5+
Ke7 22. Be3 22... Rxc2 $14) ({8:+0.19} 18... Rxc4 19. Bxa7 Rxg4 20. Rfb1 Be7
21. Rb8+ Bd8 22. Bc5 22... Qd5 $10) 19. Bxa7 Qxc4 ({9:-0.38} 19... Qxc4 20.
Rfd1 f6 21. Qh5+ g6 22. Qh4 Be7 23. Rd4 Qc3 24. Rxb4 24... Bxb4 $14) ({9:+0.00
} 19... Rxc4 20. Rfb1 f6 21. Qh5+ g6 22. Qh4 Kf7 23. c3 Rxc3 24. Bd4 $10) 20.
c3 Rb5 21. Qd4 Qc6 22. Rab1 Rd5 ({8:-1.02} 22... Rd5 23. Rb8+ Ke7 24. Qb4+ Qd6
25. Qc4 c5 26. Ra1 Kf6 27. Rb7 $16) ({8:-0.69} 22... f6 23. Rxb5 Qxb5 24. Rd1
Bd6 25. Qe4 Qd7 26. Qa8+ Qd8 27. Qxd8+ Kxd8 28. Bc5 $14) 23. Rb8+ Ke7 24. Qb4+
Qd6 25. Qa4 Kf6 26. Be3 c5 27. Rfb1 Qe5 28. Qa8 Qd6 29. g5+ Kg6 30. Qa4 Kh5 31.
g4+ Kh4 32. Kg2 c4 33. Qxc4 Rd1 34. Qe2 Rxb1 35. Rxb1 Qh2+ 36. Kxh2 f5 37. Kg2
f4 38. Bxf4 e5 39. Rh1# 1-0

[Event "ICS rated blitz match"]
[Site "207.99.5.190"]
[Date "1999.03.12"]
[Round "?"]
[White "mrak"]
[Black "Hossa"]
[Result "0-1"]
[WhiteElo "2290"]
[BlackElo "2375"]
[PlyCount "84"]

1. e4 c5 2. Nf3 Nf6 3. e5 Nd5 4. Nc3 Nf4 5. d4 cxd4 6. Nxd4 Ng6 7. Nf3 Nc6 8.
Bb5 Ncxe5 9. Nxe5 Nxe5 10. O-O a6 11. Ba4 Qc7 12. Re1 Nc4 13. Nd5 Qd8 14. Bf4
Nxb2 15. Qd4 Nxa4 16. Nc7+ Qxc7 17. Bxc7 b5 18. Bd6 e6 19. Bxf8 Kxf8 20. Qd6+
Kg8 21. Re3 g6 22. h4 Nb2 23. Qd4 Nc4 24. Rg3 e5 25. Qd5 Ra7 26. h5 Rc7 27. h6
Bb7 28. Qd3 Kf8 29. Re1 Ke7 30. f4 f6 31. fxe5 fxe5 32. Rge3 Nxe3 33. Qxe3 d6
34. Qg5+ Ke6 35. Rf1 Rhc8 36. Qf6+ Kd7 37. Qf7+ Kc6 38. Qe6 Kc5 39. Rf7 Rxf7
40. Qxf7 Kb6 41. Qxh7 Be4 42. Qxg6 42... Bxg6 {mrak resigns} 0-1

[Event "ICS rated blitz match"]
[Site "207.99.5.190"]
[Date "1999.03.12"]
[Round "?"]
[White "Hossa"]
[Black "mrak"]
[Result "1-0"]
[WhiteElo "2387"]
[BlackElo "2278"]
[PlyCount "31"]

1. e4 d5 2. exd5 Nf6 3. Bb5+ Nbd7 4. c4 a6 5. Ba4 b5 6. cxb5 Nxd5 7. Nc3 Nb4 8.
d4 e5 9. dxe5 Bc5 10. a3 axb5 11. axb4 Bxb4 12. e6 O-O 13. exd7 Bxd7 14. Nge2
bxa4 15. O-O Qe7 16. Nd5 {mrak resigns} 1-0